| Tag |
First Indicator |
Second Indicator |
Subfields |
| LEADER |
00000cam a22000001i 4500 |
| 001 |
in00004350721 |
| 006 |
m |o d | |
| 007 |
cr |n||||||||| |
| 008 |
200716s2019 nyua co 000 f eng d |
| 005 |
20260609153528.5 |
| 020 |
|
|
|a 9781481438308 (electronic bk.)
|
| 020 |
|
|
|a 1481438301 (electronic bk.)
|
| 020 |
|
|
|z 9781481438285
|
| 020 |
|
|
|z 148143828X
|
| 020 |
|
|
|z 9781481438292
|
| 020 |
|
|
|z 1481438298
|
| 024 |
8 |
|
|a 99985036418
|
| 035 |
|
|
|a (NhCcYBP)EBSCO2034503
|
| 040 |
|
|
|a NhCcYBP
|c NhCcYBP
|d UtOrBLW
|
| 050 |
|
4 |
|a PS3618.E96
|b L66 2019
|
| 082 |
0 |
4 |
|a 813/.6
|2 23
|
| 082 |
0 |
4 |
|a [Fic]
|2 23
|
| 084 |
|
|
|a JUV039050
|a JUV038000
|a JUV039090
|2 bisacsh
|
| 100 |
1 |
|
|a Reynolds, Jason,
|e author.
|0 http://id.loc.gov/authorities/names/n2008071039
|
| 245 |
1 |
0 |
|a Look both ways :
|b a tale told in ten blocks /
|c Jason Reynolds ; [illustrations by Alexander Nabaum].
|
| 246 |
3 |
|
|a Look both ways :
|b a tale told in 10 blocks
|
| 250 |
|
|
|a First edition.
|
| 264 |
|
1 |
|a New York, New York :
|b Atheneum Books for Young Readers,
|c [2019]
|
| 300 |
|
|
|a 1 online resource.
|
| 336 |
|
|
|a text
|b txt
|2 rdacontent
|
| 337 |
|
|
|a computer
|b c
|2 rdamedia
|
| 338 |
|
|
|a online resource
|b cr
|2 rdacarrier
|
| 500 |
|
|
|a "A Caitlyn Dlouhy book."
|
| 505 |
0 |
0 |
|t Water booger bears --
|t The low cuts strike again --
|t Skitter hitter --
|t How to look (both) both ways --
|t Call of duty --
|t Five things easier to do than Simeon's and Kenzi's secret handshake --
|t Satchmo's master plan --
|t Cokabooka land --
|t How a boy can become a grease fire --
|t The broom dog.
|
| 588 |
|
|
|a Description based on print version record.
|
| 500 |
|
|
|a Electronic resource.
|
| 650 |
|
0 |
|a Walking
|v Juvenile fiction.
|
| 650 |
|
0 |
|a Students
|v Juvenile fiction.
|
| 650 |
|
0 |
|a Interpersonal relations
|v Juvenile fiction.
|0 http://id.loc.gov/authorities/subjects/sh2008104864
|
| 650 |
|
0 |
|a Schools
|v Juvenile fiction.
|0 http://id.loc.gov/authorities/subjects/sh2008111273
|
| 650 |
|
0 |
|a Walking
|v Fiction.
|
| 650 |
|
0 |
|a Students
|v Fiction.
|0 http://id.loc.gov/authorities/subjects/sh2010114925
|
| 650 |
|
0 |
|a Interpersonal relations
|v Fiction.
|0 http://id.loc.gov/authorities/subjects/sh2008104850
|
| 650 |
|
0 |
|a Schools
|v Fiction.
|0 http://id.loc.gov/authorities/subjects/sh2008111268
|
| 650 |
|
1 |
|a Interpersonal relations
|v Fiction.
|
| 650 |
|
1 |
|a Schools
|v Fiction.
|
| 655 |
|
7 |
|a Electronic books.
|2 local
|
| 700 |
1 |
|
|a Nabaum, Alexander,
|e illustrator.
|0 http://id.loc.gov/authorities/names/n2019016472
|
| 710 |
2 |
|
|a EBSCOhost.
|
| 776 |
1 |
8 |
|i Also issued as:
|a Reynolds, Jason.
|t Look both ways : a tale told in ten blocks.
|d New York : Atheneum Books for Young Readers, 2019
|z 9781481438292
|
| 776 |
1 |
8 |
|i Online version:
|a Reynolds, Jason.
|t Look both ways : a tale told in ten blocks.
|d New York : Atheneum Books for Young Readers, 2019
|z 9781481438308
|
| 776 |
1 |
8 |
|c Original
|z 9781481438285
|z 148143828X
|z 9781481438292
|z 1481438298
|w (DLC) 2019010095
|
| 856 |
4 |
0 |
|u http://proxy.library.tamu.edu/login?url=https://search.ebscohost.com/login.aspx?direct=true&scope=site&db=nlebk&db=nlabk&AN=2034503
|z Connect to the full text of this electronic book
|t 0
|
| 955 |
|
|
|a YBP purchased firm e-records
|
| 980 |
|
|
|b 90.00
|g 1
|
| 987 |
|
|
|a ybp300795159
|
| 999 |
f |
f |
|s 2e2eb0c9-c590-3321-b1bc-321295b0a233
|i 60e62951-d93e-31a9-baf1-da8000ccd424
|t 0
|
| 952 |
f |
f |
|a Texas A&M University
|b College Station
|c Electronic Resources
|s www_evans
|d Available Online
|t 0
|e PS3618.E96 L66 2019
|h Library of Congress classification
|
| 998 |
f |
f |
|a PS3618.E96 L66 2019
|t 0
|l Available Online
|